| 000 | 00533nam a2200145 a 4500 | ||
|---|---|---|---|
| 008 | 120926s1982 ||||||||||||||||| || u | ||
| 020 | _a9024725976 | ||
| 050 | _aJX 4408 Tow | ||
| 100 | _aLaursen, Finn | ||
| 245 | 1 | 0 |
_aToward a new international marine order _cedited by Finn Laursen |
| 260 |
_aBoston: _bMartinus Nijhoff _c1982 |
||
| 300 | _axv, 198p | ||
| 650 | 0 | _aLAW OF THE SEA | |
| 995 |
_aSPECIAL COLLECTIONS _e500123 _FCBU-DAG HAMMARSKJOLD INSTITUTE LIBRARY _jDAG JX 4408 Tow _M1 _UAVAILABLE _WOct 26, 2012 _y500123 _ZDHIPS Book Collection |
||
| 999 |
_c513 _d513 |
||